Петрология офиолитов Западной Тувы: автореферат диссертации на соискание ученой степени кандидата геолого-минералогических наук; спец. 04.00.08

Detalles Bibliográficos
Autor Principal: Возная А. А. Анна Анатольевна
Autor Corporativo: Томский государственный университет Кафедра петрографии
Outros autores: Гончаренко А. И. (научный руководитель)
Summary:Защита сост. 29.12.1994 г.
Idioma:ruso
Publicado: Томск, [Б. и.], 1994
Subjects:
Formato: MixedMaterials Libro
KOHA link:https://koha.lib.tpu.ru/cgi-bin/koha/opac-detail.pl?biblionumber=363082

MARC

LEADER 00000nam0a2200000 4500
001 363082
005 20231102011544.0
035 |a (RuTPU)RU\TPU\retro\20429 
090 |a 363082 
100 |a 20210916d1994 k y0rusy50 ca 
101 0 |a rus 
102 |a RU 
105 |a y dm 001zy 
200 1 |a Петрология офиолитов Западной Тувы  |e автореферат диссертации на соискание ученой степени кандидата геолого-минералогических наук  |e спец. 04.00.08  |f А. А. Возная  |g Томский государственный университет, Кафедра петрографии ; науч. рук. А. И. Гончаренко 
210 |a Томск  |c [Б. и.]  |d 1994 
215 |a 21 с. 
300 |a Защита сост. 29.12.1994 г. 
316 |5 63413507: КР-7197  |a На обложке надпись: "доцент Гудымович С. С." 
317 |5 63413507: КР-7197  |a Поступил в НТБ в 2004 г. в составе книжного собрания кафедры общей геологии 
320 |a Библиогр.: с. 20-21 (5 назв.) 
606 1 |a Офиолиты  |x Петрография  |2 stltpush  |3 (RuTPU)RU\TPU\subj\47864  |9 66773 
610 1 |a геология 
610 1 |a петрография 
610 1 |a Сибирь 
610 1 |a Тува 
610 1 |a минералогия 
610 1 |a геохимия 
610 1 |a Коллекция кафедры общей геологии 
610 1 |a дары библиотеке 
675 |a 552.32(04)  |v 4 
686 |a 04.00.08  |2 oksvnk 
700 1 |a Возная  |b А. А.  |g Анна Анатольевна 
702 1 |a Гончаренко  |b А. И.  |4 727 
712 0 2 |a Томский государственный университет  |b Кафедра петрографии  |2 stltpush  |3 (RuTPU)RU\TPU\col\397 
801 1 |a RU  |b 63413507  |c 20210916 
801 2 |a RU  |b 63413507  |c 20220428  |g RCR 
942 |c BK